Simposio Internacional sobre la Protección del Medio Ambiente y los Recursos Naturales

Zapisane w:
Opis bibliograficzny
organizacja autorów: Instituto Italo-Latinoamericano (Autor), Consejo Nacional de Ciencia y Tecnología (Autor)
Format: Książka
Język:włoski
hiszpański
Wydane: Roma Instituto Italo-Latinoamericano 1973
Hasła przedmiotowe:
Etykiety: Dodaj etykietę
Nie ma etykietki, Dołącz pierwszą etykiete!

MARC

LEADER 00000nam a2200000 a 4500
001 UCU2794
003 CL-VaPUC
005 20241111122108.0
008 960426e19730000it 1 ita d
041 0 7 |a ita  |2 CL-VaPUC 
041 0 7 |a spa  |2 CL-VaPUC 
082 0 4 |a 333.72  |b INS  |2 21 
110 2 |a Instituto Italo-Latinoamericano  |e author  |9 617655 
710 2 |a Consejo Nacional de Ciencia y Tecnología  |e author  |9 617656 
245 1 0 |a Simposio Internacional sobre la Protección del Medio Ambiente y los Recursos Naturales 
260 |a Roma  |b Instituto Italo-Latinoamericano  |c 1973 
300 |a 453 p 
583 |a last modification  |c 19960426 00:00:00  |k Rodrigo Vera 
650 0 0 |a Medio ambiente físico  |9 347938 
650 0 0 |a Recursos naturales  |9 255232 
650 0 0 |a Protección del medio ambiente  |9 257626 
650 0 0 |a Economía   |9 255568 
650 0 7 |a COMTAMINACION  |2 CL-VaPUC  |9 617657 
650 0 0 |a Industrialización  |9 263687 
650 0 0 |a Desarrollo económico y social   |9 256320 
650 0 7 |a FLORA  |2 CL-VaPUC  |9 264745 
650 0 7 |a FAUNA  |2 CL-VaPUC  |9 349523 
650 0 7 |a POLITICA DE MEDIO AMBIENTE  |2 CL-VaPUC  |9 358317 
942 |c BK 
945 |a lriquelm  |d 19960426 00:00:00 
546 |a En Italiano 
546 |a En Español 
518 |p Simposio Internacional sobre la Protección del Medio Ambiente y los Recursos Naturales, México, 24 al 28 de Abril de 1972 
999 |c 382581  |d 382579 
952 |0 0  |1 0  |4 0  |6 333_720000000000000_INS_1973  |7 0  |8 A  |9 504357  |a BIBING  |b BIBING  |d 2020-01-23  |i 1646273  |o 333.72 INS 1973  |p 1646273  |r 2025-01-20  |w 2020-01-23  |y BK  |k GEO 
952 |0 0  |1 0  |4 0  |6 333_720000000000000_INS_1973  |7 0  |8 A  |9 504358  |a BIBING  |b BIBING  |d 2020-01-23  |i 1666002  |o 333.72 INS 1973  |p 1666002  |r 2025-01-20  |w 2020-01-23  |y BK  |k GEO